| Tag |
First Indicator |
Second Indicator |
Subfields |
| LEADER |
00000cam a2200000 i 4500 |
| 001 |
in00004592575 |
| 003 |
OCoLC |
| 005 |
20220915132411.9 |
| 008 |
211026t20222022nsca b 001 0 eng |
| 035 |
|
|
|a (OCoLC)1280413384
|
| 040 |
|
|
|a NLC
|b eng
|e rda
|c NLC
|d CDX
|d C#P
|
| 020 |
|
|
|a 9781773635224
|q paperback
|
| 020 |
|
|
|a 1773635220
|q paperback
|
| 042 |
|
|
|a lac
|
| 050 |
|
4 |
|a HV3176
|b .W45 2022
|
| 055 |
|
0 |
|a HV3176
|b .W45 2022
|
| 082 |
0 |
|
|a 362.84
|2 23
|
| 245 |
0 |
0 |
|a White benevolence :
|b racism and colonial violence in the helping professions /
|c edited by Amanda Gebhard, Sheelah McLean and Verna St. Denis.
|
| 264 |
|
1 |
|a Black Point, Nova Scotia :
|b Fernwood Publishing,
|c [2022].
|
| 264 |
|
4 |
|c ©2022.
|
| 300 |
|
|
|a 280 pages :
|b illustrations ;
|c 23 cm.
|
| 336 |
|
|
|a text
|b txt
|2 rdacontent
|
| 337 |
|
|
|a unmediated
|b n
|2 rdamedia
|
| 338 |
|
|
|a volume
|b nc
|2 rdacarrier
|
| 504 |
|
|
|a Includes bibliographical references and index.
|
| 505 |
0 |
|
|g Introduction /
|r Amanda Gebhard, Sheelah McLean and Verna St. Denis --
|t Living My Family Through Colonialism /
|r Verna St. Denis --
|t Toxic Encounters: What's Whiteness Doing in a Nice Field Like Education? /
|r Sheelah McLean --
|t How Indigenous-Specific Racism is Coached into Health Systems /
|r Barry Lavallee and Laurie Harding --
|t "Within This Architecture of Oppression, We are a Vibrant Community": Indigenous Prairie Prisoner Organizing During COVID-19 /
|r Nancy Van Styvendale --
|t Tracing the Harmful Patterns of White Settler Womanhood /
|r Willow Samara Allen --
|t Policing Indigenous Students: The School/Prison Nexus on the Canadian Prairies /
|r Amanda Gebhard --
|t Stories We Tell: Indigenous Women and Girls' Narratives on Police Violence /
|r Megan Scribe --
|t Colten Boushie and the Deadly Articulations of Settler Colonialism: The Origins and Consequences of a Racist Discourse /
|r Timothy J. Stanley --
|t What Can "Settler of Colour" Teach Us? A Conversation of the Complexities of Decolonization in White Universities /
|r Shaista Patel and Nisha Nath --
|t Am I a Settler? Considering Dominance Through Racial Constructs and Land Relationships /
|r S.J. Adrienna Joyce --
|t Unmasking the Whiteness of Nursing /
|r Sharissa Hantke --
|t Whiteness of Medicine /
|r Jaris Swidrovich --
|t Circle of Rocks: Cannibal Culture, Kinship, and Indigenous Youth in the Saskatchewan Public School System /
|r Jas M. Morgan --
|t Permission to Escape /
|r Heather Carter --
|t White Entitlement in Antiracism and Anticolonialism /
|r Jeff Halvorseen, ReÌ?gine King, Liza Lorenzetti, Adrian Wolfleg and Lemlem Haile --
|t Interview with Dr. Alex Wilson: Queering the Mainstream /
|r Alex Wilson and Sheelah McLean --
|g Conclusion /
|r Amanda Gebhard, Sheelah McLean and Verna St. Denis
|
| 520 |
|
|
|a When working with Indigenous Peoples, the helping professions, education, social work, health care and justice, reinforce the colonial lie that Indigenous Peoples need saving. Leading anti-racism scholars in this volume reveal the ways in which white settlers working in these institutions shape, defend and uphold institutional racism, even while professing to support Indigenous people. White supremacy shows up in the everyday behaviors, language and assumptions of white professionals who reproduce myths of Indigenous inferiority. White settlers have a responsibility to understand the colonial history of their professions and their complicity in ongoing violence, be it violent policing, school push-out or denial of health care. The answer isn't cultural awareness training. What's needed is radical anti-racism, solidarity and a relinquishing of the power of white supremacy.
|
| 650 |
|
0 |
|a Racism.
|
| 650 |
|
0 |
|a Anti-racism.
|
| 650 |
|
0 |
|a Racism in education.
|
| 650 |
|
0 |
|a Racism in social services.
|
| 650 |
|
0 |
|a Racism in medicine.
|
| 650 |
|
0 |
|a Racism in criminal justice administration.
|
| 650 |
|
0 |
|a Social service and race relations.
|
| 650 |
|
0 |
|a Social work with minorities.
|
| 650 |
|
0 |
|a Race relations.
|
| 700 |
1 |
|
|a Gebhard, Amanda,
|e editor.
|
| 700 |
1 |
|
|a McLean, Sheelah,
|e editor.
|
| 700 |
1 |
|
|a St. Denis, Verna,
|e editor.
|
| 945 |
|
|
|b 406076
|
| 947 |
|
|
|a A14851595604
|
| 948 |
|
|
|a dmitchel 9/15/22 8.20.10
|
| 980 |
|
|
|b print
|c 40031250588
|f NONFIC/B
|g 565714
|k USD
|m 22.68
|q 1
|s AcqMono Conventional
|t Approval plan
|u Vendor order reference number
|v ZYBP
|y Print approval
|z Physical resource
|
| 999 |
f |
f |
|i 699c1bf9-0a78-49a0-bccf-0359897cf7df
|s df0b1355-d6c5-4d71-956d-f1c3fd2bd177
|t 0
|
| 952 |
f |
f |
|p normal
|a Texas A&M University
|b College Station
|c Sterling C. Evans Library
|s Evans stk
|d Evans: Library Stacks
|t 0
|e HV3176 .W45 2022
|h Library of Congress classification
|i unmediated -- volume
|m A14851595604
|